| 000 | 00481pam a2200169a 44500 | ||
|---|---|---|---|
| 008 | 230405s2005 xxu||||| |||| 00| 0 eng d | ||
| 041 | _aENG | ||
| 100 | _aJay, J M | ||
| 245 | _aModern Food Microbiology | ||
| 250 | _a4 Ed. | ||
| 260 |
_aNEW DELHI _bCbs Pub &DISTRIBUTORS _c2005 |
||
| 300 | _a701p. | ||
| 440 | _aSource= Bharati Madhyavarti Sahakari Grahak Bhandar, Pune (Best Book Suppliers, Kolhapur) | ||
| 650 | _aMICROBIOLOGY | ||
| 690 | _aMICROBIOLOGY | ||
| 906 | _a13491 | ||
| 999 |
_c793700 _d793700 |
||